00706cam a2200205 a 4500001000400000003001000004005001700014008004100031020001800072040002500090080002100115100002600136245014400162250002500306260003800331300002000369504002500389650005300414700003300467294BR-CuiBMT20231118205204.0230927b2016 mgb 000 0 por d a9788545001171 aBR-CuiBMTcBR-CuiBMT 22007a347.91/.951 aNunes, Dierle,d1975-10aCódigo de processo civil :bLei n° 13.105/2015 : lei de mediação : Lei n° 13.140/2015 /cDierle Nunes, Natanael Lud Santos e Silva. a3. ed., rev. e ampl. aBelo Horizonte :bFórum,c2016. a536 p. ;c22 cm aInclui bibliografia. aDireito processual civilvLegislaçãozBrasil1 aSilva, Natanael Lud Santos e